000 00367 a2200121 4500
001 ART_10602
005 20260410161830.0
008 260409a
245 1 0 _aLa biotecnología en el sector público provincial
100 1 _aMilesi, Darío
700 1 _aCrespi, Gustavo
773 0 _tActualidad Económica
_g- Año II, Nº 10 (sep. 1992)
_wREV5083
999 _c23160
_d23160